Započitateľný zárobok Poznatky a skúsenosti z kontrol

Bibliographic Details
Main Author: J.K (Author)
Format: Article
Language:Slovak
Subjects:

MARC

LEADER 00000nab a2200000 a 4500
001 vtls000299559
003 SK-MaSNL
005 20260303120004.0
008 111201c1987 xo 0 slo
015 |a SNBRB19rr/mm-uuuuu 
035 |a CL0309678 
040 |a SNKBUCL  |b slo  |c SNKBUCL  |e AACR2 
041 0 |a slo 
044 |a xo  |c SK 
080 |a 368.025.1  |2 1981 
100 1 |a J.K.  |4 aut  |9 303371 
245 1 0 |a Započitateľný zárobok  |b Poznatky a skúsenosti z kontrol  |c J.K. 
650 0 7 |a nemocenské poistenie  |2 snkbucl  |9 67734 
650 0 7 |a dávky peňažné  |2 snkbucl  |9 1132068 
650 0 7 |a zárobky započitateľné  |2 snkbucl  |9 1132106 
655 7 |a články z novín a časopisov  |2 snkbucl  |9 267496 
773 0 |t Národné poistenie  |g Roč. 19, č. 10 (1987), s. 11-12 
850 |a Slovenská národná knižnica v Martine  |a MTA001 
852 |a SNK  |b KIS3GCP 
958 |a RK 
992 |a RBX 
999 |c 1906898  |d 1908828